Shipwrecks of Baltic Coastal Zone and their Significance in Polish Maritime Landscape
| Titel: | Shipwrecks of Baltic Coastal Zone and their Significance in Polish Maritime Landscape |
|---|---|
| Verfasser: | |
| In: |
Schutz des Kulturerbes unter Wasser, (2000), Seite 345-349 alle Artikel anzeigen |
| Veröffentlicht: | 2000 |
| Format: | Aufsatz |
| Sprache: | Englisch |
X
alg: 39209324 001A $01999:11-11-16 001B $01999:26-04-21 $t20:14:09.000 001D $01999:11-11-16 001U $0utf8 001X $00 002@ $0Aox 003@ $0392093243 007A $0392093243 $aHEB 007T $0Herd35916 010@ $aeng 011@ $a2000 021A $aShipwrecks of Baltic Coastal Zone and their Significance in Polish Maritime Landscape 028A $aDomżał $dRobert 031A $h345-349 $j2000 039B $aIn $8--Aau--. Schutz des Kulturerbes unter Wasser. - Lübstorf : Archäologisches Landesmuseum Mecklenburg-Vorpommern, 2000. - 623 S.. - zahlr. Ill., graph. Darst., Kt. $x200000000000000655 $9098534580 045F $a330.09438 $eDDC23BSB 045F/01 $a330.09 045F/03 $g438 lok: 39209324 78 exp: 39209324 78 1 #EPN 201B/01 $019-04-17 $t11:00:35.000 201U/01 $0utf8 203@/01 $0788189263 208@/01 $a11-11-16 $be 209A/01 $a/ $f000 $x00 220C/01 $aTitelaufnehmer: cs 244Z/01 $2Trx $#Poola $#Lenkija $#Polija $#Polen Land $#Poland $#Lengyelország $#Poľsko $#Polsko $8--Trx--Polska$gkraj $x01 $9391345966 244Z/01 $aGeschichte 1400-1900 $x02 244Z/01 $2Trx $#arheoloogia põhjavesi $#povandeninė archeologija $#archaeology underwater $#régészet vízalatt $#archeologia podwodna $#archeológia podmorská $#archeologie podmořská $8--Trx--Archäologie$gUnterwasser $x03 $939137527X 244Z/01 $2Trx $#laevad $#laivai $#ships $#hajók $#statki okręty $#lode $#lodě $8--Trx--Schiffe $x04 $9391377159 244Z/01 $2Trx $8--Trx--Einzelbeiträge $x05 $9391384570 245Z/01 $a09.05 $x01 247C/01 $82080>Marburg/Lahn, Herder-Institut, Forschungsbibliothek, Bibliographieportal $9336309341
| LEADER | 00000caa a22000002c 4500 | ||
|---|---|---|---|
| 001 | 392093243 | ||
| 003 | DE-603 | ||
| 005 | 20210426201409.0 | ||
| 007 | tu | ||
| 008 | 161111s2000 xx |||| | u00||u|eng c | ||
| 035 | |a (DE-599)HEB392093243 | ||
| 040 | |a DE-603 |b ger |c DE-603 |d DE-603 | ||
| 041 | |a eng | ||
| 082 | 0 | 4 | |8 1\u |a 330.09438 |q DE-101 |2 23/BSB |
| 085 | |8 1\u |b 330.09 | ||
| 085 | |8 1\u |z 2 |s 438 | ||
| 100 | 1 | |a Domżał, Robert | |
| 245 | 0 | 0 | |a Shipwrecks of Baltic Coastal Zone and their Significance in Polish Maritime Landscape |
| 264 | 0 | |c 2000 | |
| 773 | 0 | 8 | |i In |t Schutz des Kulturerbes unter Wasser |d Lübstorf : Archäologisches Landesmuseum Mecklenburg-Vorpommern, 2000 |h 623 S., zahlr. Ill., graph. Darst., Kt. |g (2000), Seite 345-349 |w (DE-603)098534580 |
| 924 | 0 | |9 2080 |a (DE-603)788189263 |b DE-2080 |c HES |d d |g / | |


